Úspěšná práce s týmem 25 pravidel pro vedoucí týmu a členy týmu
Na minha lista:
| Autor principal: | |
|---|---|
| Outros Autores: | |
| Formato: | Livro |
| Idioma: | tcheco |
| Publicado em: |
Praha
GRADA Publishing
2009
|
| Colecção: | Vedení lidí v praxi
|
| Assuntos: | |
| Tags: |
Sem tags, seja o primeiro a adicionar uma tag!
|
MARC
| LEADER | 00000nam$a2200000$$$4500 | ||
|---|---|---|---|
| 001 | 0100702 | ||
| 005 | 20240315114736.5 | ||
| 020 | |a 978-80-247-2308-2 | ||
| 041 | 0 | |a cze | |
| 044 | |a CZ | ||
| 245 | 1 | 0 | |a Úspěšná práce s týmem |b 25 pravidel pro vedoucí týmu a členy týmu |c Rolf Meier ; přeložila: Daniela Vrbová |
| 264 | 1 | |a Praha |b GRADA Publishing |c 2009 | |
| 300 | |a 146 s. | ||
| 490 | 1 | |a Vedení lidí v praxi | |
| 830 | 0 | |a Vedení lidí v praxi | |
| 610 | 2 | 0 | |a tímy pracovné |
| 610 | 2 | 0 | |a práca tímová |
| 610 | 2 | 0 | |a spolupracovníci |
| 610 | 2 | 0 | |a výber pracovníkov |
| 610 | 2 | 0 | |a rozhodovanie |
| 610 | 2 | 0 | |a kultúra podniková |
| 610 | 2 | 0 | |a konflikty |
| 610 | 2 | 0 | |a riadenie |
| 610 | 2 | 0 | |a pracovníci vedúci |
| 100 | 1 | |a Meier, Rolf | |
| 700 | 1 | |a Vrbová, Daniela | |